[Event "Karadjordje Serbia"]
[Site "Topola"]
[Date "2004.05.08"]
[Round "5"]
[White "Mastrovasilis, Dimitrios"]
[Black "Sedlak, Nikola"]
[Result "1-0"]
[WhiteElo "2533"]
[BlackElo "2519"]
[Annotator "Huzman,A"]
[PlyCount "111"]
[EventDate "2004.05.04"]
[EventType "tourn"]
[EventRounds "11"]
[EventCountry "YUG"]
[EventCategory "13"]
[SourceTitle "CBM 101"]
[Source "ChessBase"]
[SourceDate "2004.07.27"]
[SourceVersion "1"]
[SourceVersionDate "2004.07.27"]
[SourceQuality "1"]

1. e4 e5 2. Nf3 d6 3. d4 exd4 4. Qxd4 a6 5. Bf4 Nc6 6. Qd2 Nf6 7. Nc3 Be7 8.
O-O-O O-O 9. Bd3 (9. h3 Be6 (9... b5 10. Bd3 (10. Qe3 Re8 11. e5 Bf8 12. Ne4
$36 {0-1 Masserey,Y-Strijbos,M/Rotterdam 1998/EXT 99 (41)}) 10... Nd7 (10...
Be6 11. Rhe1 (11. Nd5 Nxd5 12. exd5 Bxd5 13. Bxh7+ Kxh7 14. Qxd5 $16 {1/2-1/2
Rudolf,H-Meyer,C/Germany 2002/EXT 2003 (39)}) 11... Nb4 12. Bf1 c5 13. a3 Qa5
14. Kb1 Nc6 15. Nd5 b4 16. Nxe7+ Nxe7 17. Bxd6 $16 {1-0 Peters,J-Schiller,E/
USA 1996/EXT 2001 (34)}) 11. Qe3 Nde5 12. Be2 Qe8 13. Nd5 (13. Bh2 Nxf3 14.
Bxf3 Ne5 15. Be2 Nc4 16. Bxc4 bxc4 17. e5 dxe5 18. Bxe5 $16 {1/2-1/2
Nevednichy,V-Slovineanu,V/Olanesti 1997/EXT 2000 (89)}) 13... Bd8 14. Nd2 Be6
15. Kb1 Ng6 16. Bg3 Bxd5 17. exd5 Qxe3 18. fxe3 Nce5 $11 {0-1 Bertholee,
R-Perez Garcia,H/Enschede 1992/EXT 97 (66)}) 10. g4 (10. Qe3 Qc8 11. g4 Re8 12.
Ng5 b5 13. Nxe6 fxe6 14. Bg2 Rb8 15. Bg3 b4 16. Ne2 e5 17. Kb1 {1/2-1/2
Kutuzovic,B-Barle,J/Ljubljana 2001/EXT 2002 (17)}) 10... b5 (10... Nd7 11. Nd5
Nde5 12. Nd4 Bxd5 13. exd5 Nxd4 14. Qxd4 Bf6 15. Be3 Re8 16. Be2 Ng6 17. Qd2 h6
18. Rde1 Bg5 $11 {1-0 Wieweg,J-Hjelm,N/Salogernas 1994/EXT 2002 (48)}) 11. Qe3
Qc8 12. Bg2 Rb8 13. Nd5 Bxd5 14. exd5 $16 {1-0 Maroczy,G-Delmar,E/New York
1906/EXT 2003 (39)}) (9. Bc4 Be6 (9... Bg4 10. h3 Bxf3 11. gxf3 Ne5 12. Be2 Ng6
13. Be3 b5 14. h4 b4 15. Nb1 a5 16. h5 Ne5 17. Rdg1 Kh8 18. f4 $16 {0-1 Boikij,
I-Hermlin,A/Helsinki 1995/EXT 99 (44)}) (9... b5 10. Bd5 Nxd5 11. Nxd5 Bf6 12.
Bg5 Bxg5 13. Qxg5 Qxg5+ 14. Nxg5 Ra7 $11 {1/2-1/2 Kasparov,S-Kholmov,R/Rovno
2000/CBM 76 (49)}) 10. Bxe6 fxe6 11. e5 Nh5 12. exd6 Nxf4 13. dxe7 Qxe7 $11 {
0-1 Tolnai,T-Barbero,G/Austria 1993/TD (56)}) 9... Nd7 (9... Be6 10. Ng5 (10.
Kb1 Nd7 11. Ng5 Nce5 12. h4 b5 $132 {0-1 Garcia Caraballo,E-Garcia Castro,P/
Villagarcia de Arosa 2002/CBM 89 ext (40)}) 10... Nb4 11. Nxe6 Nxd3+ 12. Qxd3
fxe6 13. Qh3 Nxe4 14. Qxe6+ Kh8 15. Nxe4 Rxf4 16. g3 Rf3 17. Qd5 c6 18. Qh5 {
1/2-1/2 Campos Gambuti,L-Moreno Carnero,J/Barcelona 1993/EXT 97 (18)}) (9...
Nh5 10. Be3 Ne5 11. Nxe5 dxe5 12. Qe2 Nf4 13. Bxf4 exf4 14. e5 $16 {1-0
Kupreichik,V-Bakalarz,M/Eupen 1995/EXT 97 (47)}) (9... Nb4 10. Be2 (10. Nd5
Nbxd5 11. exd5 c6 12. dxc6 bxc6 13. Rhe1 Nd5 14. Bg5 Rb8 15. Bxe7 Nxe7 16. Qg5
$14 {1/2-1/2 Mahdi,K-Moser,E/Frohnleiten 2000/CBM 77 ext (21)}) 10... b5 11.
Rhe1 Be6 12. Kb1 d5 13. Ng5 c5 14. exd5 Nfxd5 15. Nxe6 fxe6 16. Nxd5 Nxd5 17.
Bg3 $16 {1-0 Fucek,C-De las Heras,J/Villa Ballester 1996/CBM 51 ext (34)}) 10.
Nd5 Nde5 (10... Nc5 $5) 11. Be2 (11. Nxe5 dxe5 12. Be3 Be6 13. Bc4 Bd6 14. Nb6
$16 {0-1 Kyas,J-Yanvarjov,I/Rostock 1984/EXT 2002 (37)}) (11. Rhe1 Be6 12. Kb1
Nxd3 13. Qxd3 Bf6 14. h4 Re8 15. Bg5 Bxd5 16. exd5 Ne5 17. Nxe5 dxe5 18. Qf5
$36 {1/2-1/2 Saravana,K-Rengarajan,S/Chennai IND 2004/(31)}) (11. Qc3 Bf6 12.
Nxe5 dxe5 13. Be3 Be6 14. Bc4 Nd4 15. Nxf6+ Qxf6 16. f4 c5 17. fxe5 Qxe5 18.
Bxd4 cxd4 19. Qxd4 Qg5+ 20. Rd2 Bxc4 21. Qxc4 Rfd8 22. Rhd1 Rxd2 23. Rxd2 Rd8
24. Qe2 $16 {1-0 Le Roux,J-Gozzoli,Y/Guingamp FRA 2004/The Week in Chess 484 
(55)}) 11... Be6 (11... Re8 12. Nxe5 Nxe5 13. Qa5 $1 c6 14. Nxe7+ Qxe7 15. Rhe1
$14 {1/2-1/2 Matulovic,M-Barlov,D/Vrnjacka Banja 35/398 1983/[Matulovic,M] (31)
}) 12. Rhe1 (12. Kb1 $5) 12... Nxf3 13. Bxf3 (13. gxf3 $5) 13... Ne5 14. Be2
Bxd5 15. Qxd5 (15. exd5 Qd7 16. Be3 Bf6 17. Bd4 Qa4 18. Kb1 Rfe8 $132 {[%cal
Ye5d7]}) 15... Bg5 $1 16. Bd2 (16. g3 Bxf4+ 17. gxf4 Nc6 $11 {[%cal Yd8f6]})
16... Bxd2+ 17. Qxd2 Re8 $14 {The position looks dead equal but as a matter of
fact, Black is experiencing some difficulties because he is unable to find a
suitable "parking place" for the N} 18. f4 Ng6 (18... Nc6 19. Bc4 Qf6 20. Bd5
$14) 19. Bc4 Qf6 20. g3 Rad8 21. Qa5 $1 {White is about to create some
weaknesses in his opponent's set-up} c6 22. a3 Nf8 23. e5 (23. h4 $5 Ne6 (23...
Qg6 24. Qg5 $14) 24. Qb6 $14) 23... dxe5 24. Rxd8 Qxd8 25. Qxd8 Rxd8 26. Rxe5 {
[%cal Ge5e7]} Ng6 27. Rf5 (27. Re3 Kf8 $14 {[%cal Yg6e7,Ye7d5]}) 27... Rd7 28.
b4 {White's best chance is to take advantage of Black's Q-side deficient
P-structure} Kf8 29. Bd3 h6 30. Rc5 Ne7 31. Re5 Nd5 32. Kd2 Nf6 (32... Rd8 $5
33. c4 Nc7 $14) 33. Re2 g6 34. Kc3 $1 {His Majesty himself is heading for the
Q-side to settle the matters straight for White} Ng4 (34... Nd5+ 35. Kc4 {
[%cal Gc4c5]}) 35. Kc4 Re7 36. Kc5 $1 Rd7 (36... Ne3 $142 37. c4 (37. Kb6 Nd5+
38. Ka7 Rd7) 37... Ke8 38. a4 Kd8 39. a5 Kc7 40. Kd4 Nf5+ 41. Kc3 Ne3 $14) 37.
Be4 $1 Nf6 38. Bf3 Ne8 39. Re3 $1 {[%cal Ge3d3]} Nd6 40. Rd3 Ke7 41. a4 $16 Nc8
$2 42. Rxd7+ Kxd7 43. Bg4+ $1 f5 44. Be2 $1 {[%csl Ra6,Rb7,Rc6,Rf5,Rg6][%mdl
4096] The whole crop of black Ps positioned on white squares, is about to fall
an easy prey to the B} b6+ $2 (44... Nd6 45. Bd3 Kc7 46. Kd4 Kd7 47. c4 $16)
45. Kd4 {[%csl Ra6]} a5 46. bxa5 bxa5 47. Kc5 $18 Kc7 48. Bf3 Ne7 49. h4 h5 50.
c4 Kd7 51. Kb6 Nc8+ 52. Kxa5 Nd6 53. Kb4 Nb7 54. c5 Nd8 55. a5 Kc7 56. a6 1-0

[Event "George Marx Memorial 2nd"]
[Site "Paks"]
[Date "2004.06.15"]
[Round "10"]
[White "Acs, Peter"]
[Black "Nevednichy, Vladislav"]
[Result "1/2-1/2"]
[WhiteElo "2548"]
[BlackElo "2544"]
[Annotator "Huzman,A"]
[PlyCount "77"]
[EventDate "2004.05.05"]
[EventType "tourn"]
[EventRounds "10"]
[EventCountry "HUN"]
[EventCategory "14"]
[SourceTitle "CBM 102"]
[Source "ChessBase"]
[SourceDate "2004.09.23"]
[SourceVersion "1"]
[SourceVersionDate "2004.09.23"]
[SourceQuality "1"]

1. e4 e5 2. Nf3 (2. Nc3 Nf6 3. Nf3 Nc6 4. Be2 Be7 5. d4 exd4 6. Nxd4 Nxd4 7.
Qxd4 d6 8. Bf4 O-O 9. O-O-O Be6 10. Bg3 (10. Kb1 Nd7 11. Nd5 Bf6 12. Qe3 Bxd5
13. Rxd5 Re8 14. Rdd1 Qe7 15. f3 Nb6 16. Bb5 Red8 17. Rhe1 a6 18. Bf1 Na4 19.
c3 b5 $132 {1/2-1/2 Huebner,A-Goergens,M/Halle 1993/EXT 2001 (46)}) (10. Nd5
Bxd5 11. exd5 Nd7 12. Kb1 Bf6 13. Qd2 a5 14. h4 a4 15. g4 a3 16. b3 Nc5 17. Bd3
c6 18. dxc6 Na4 19. Bg5 bxc6 20. c4 Nb2 21. Rc1 Re8 $36 {1/2-1/2 Ricci,
A-Everet,A/Bratto 2000/CBM 77 ext (75)}) (10. g4 Nxg4 11. Rdg1 {1/2-1/2
Terstall,K-Snijdewint,J/Hengelo 2001/EXT 2002 (11)}) 10... Nd7 11. f4 Bf6 12.
Qd2 Bxc3 13. Qxc3 f5 14. Bf3 Rb8 15. Rhe1 fxe4 16. Bxe4 Bf5 17. Bd5+ Kh8 18. h3
c6 19. Bf3 d5 20. Bh2 $14 {1-0 Blackburne,J-Mason,J/Leipzig 1894/EXT 98 (23)})
2... d6 3. d4 exd4 4. Nxd4 Nf6 5. Nc3 Be7 6. Bf4 O-O 7. Qd2 Nc6 8. O-O-O Nxd4
9. Qxd4 Be6 10. Be2 a6 11. Qe3 {[%cal Ge4e5]} Nd7 (11... Ng4 12. Bxg4 Bxg4 13.
f3 Be6 14. Nd5 $14) 12. h4 Bf6 13. h5 (13. Nd5 Bxd5 14. Rxd5 Qe7 15. f3 Rfe8
16. g4 Nb6 17. Rd2 d5 $132) (13. g4 $5) 13... h6 14. Kb1 (14. Qg3 Bg5 15. Kb1
Bxf4 16. Qxf4 Qg5 $11) 14... Re8 15. g4 Be5 (15... b5 $5 16. Rhg1 Nb6 17. e5 $5
(17. g5 hxg5 18. Bxg5 b4 $17) 17... Bd7 18. g5 $1 hxg5 19. Bxg5 Rxe5 (19...
Bxg5 20. Rxg5 f6 21. Rg3 Rxe5 22. Qf4 Qe7 23. Rdg1 $44) 20. Bxf6 Qxf6 21. Ne4
Qe6 22. Qg3 Qh6 $13) 16. Bg3 (16. Rhg1 f6 (16... Bxf4 17. Qxf4 Qg5 18. Qg3 $36
{[%cal Gf2f4]} Qa5 $140 19. f4 b5 20. g5 $40) 17. Bg3 Bxg3 18. Qxg3 b5 $132)
16... b5 17. f4 Bxc3 18. Qxc3 Nf6 $132 19. Bf3 (19. e5 $1 Ne4 (19... Nxg4 20.
Bh4 Qd7 21. Rhg1 $36) (19... Bxg4 20. Bxg4 Nxg4 21. Bh4 Qd7 22. Rhg1 $40) 20.
Qe3 Nxg3 21. Qxg3 Qe7 22. f5 $5 (22. Bf3 Rad8 23. g5 hxg5 24. exd6 Rxd6 25.
fxg5 Rxd1+ 26. Rxd1 Rd8 27. Re1 Qd6 $14) 22... Bc4 23. Bf3 Rad8 24. b3 dxe5 25.
Bc6 Rxd1+ 26. Rxd1 Rb8 27. Qe3 $1 $16 {[%csl Rc4]}) 19... b4 $1 (19... Bxg4 20.
e5 b4 21. Qc6 Bxf3 22. Qxf3 Nh7 23. Bh4 Qd7 24. Rhg1 $44) 20. Qd3 (20. Qxb4
Bxg4 21. Bxg4 Rxe4 $1 $17) 20... Bxg4 21. Bh4 Bxf3 22. Qxf3 $44 Qd7 (22... Qe7
23. e5 dxe5 24. Rhg1 Kh8 25. Qg3 Qf8 26. Bxf6 gxf6 27. Rd7 $44 {/->}) 23. Rde1
(23. Bxf6 $5 gxf6 24. Rhg1+ Kh7 25. e5 $40) 23... Qg4 $1 24. Qxg4 Nxg4 25. Reg1
f5 $1 {[%mdl 256]} (25... Ne3 26. Bf6 $16) 26. exf5 Ne3 27. f6 Nf5 28. Be1 (28.
fxg7 Kf7 29. Kc1 (29. Rg6 $2 Nxh4 30. g8=Q+ Rxg8 31. Rxh4 Rxg6 32. hxg6+ Kxg6
$17) 29... Nxg7 $15) 28... Re4 29. c3 a5 30. fxg7 Rae8 (30... Nxg7 31. Rg6 Kh7
32. Rf6 $132 {[%cal Gf6f7]}) 31. Bd2 c5 32. Rg6 Re2 33. Kc1 Kf7 34. Kd1 R2e6
$11 35. Rhg1 Rg8 36. Rxe6 Kxe6 37. Rg6+ Kd5 38. cxb4 cxb4 (38... axb4 39. a3
bxa3 40. bxa3 Rxg7 $15) 39. Ke2 (39. Ke2 Rxg7 40. Kd3 (40. Rxg7 Nxg7 41. Kf3
Nxh5 42. f5 Ke5) 40... Rf7 $11 (40... Rxg6 41. hxg6 h5)) (39. a3 bxa3 40. bxa3
Rxg7 41. Bxa5 Ra7 42. Bb4 Ke4 $11) 1/2-1/2

[Event "Bermuda-B"]
[Site "Bermuda"]
[Date "2002.01.23"]
[Round "3"]
[White "Berg, Emanuel"]
[Black "Nyback, Tomi"]
[Result "1-0"]
[WhiteElo "2500"]
[BlackElo "2448"]
[Annotator "Huzman,A"]
[PlyCount "77"]
[EventDate "2002.01.21"]
[EventType "tourn"]
[EventRounds "9"]
[EventCountry "BER"]
[EventCategory "8"]
[SourceTitle "CBM 088"]
[Source "ChessBase"]
[SourceDate "2002.03.21"]
[SourceVersion "1"]
[SourceVersionDate "2002.03.21"]
[SourceQuality "1"]

1. e4 d6 2. d4 Nf6 3. Nc3 e5 4. Nf3 Nbd7 5. Bc4 Be7 6. O-O O-O 7. a4 c6 8. Re1
Qc7 9. h3 b6 10. Bg5 Bb7 11. Qe2 Rfe8 (11... a6 12. dxe5 dxe5 (12... Nxe5 $5
13. Nd4 b5 14. Ba2 b4 (14... h6 15. Bh4 Rfe8 16. Nf5 Rad8 17. Qe3 Bc8 18. Nxe7+
Qxe7 19. Qb6 Bxh3 {1/2-1/2 Potkin,V-Zablotsky,S/St Petersburg 2001/EXT 2002 
(19)}) 15. Nb1 h6 16. Bc1 Rfe8 17. Nd2 Bf8 18. N4f3 d5 19. Qd1 Nxf3+ 20. Qxf3
dxe4 21. Qf5 Bc8 22. Qg6 Be6 23. Bxe6 Rxe6 24. Qf5 g6 {0-1 Yagupov,
I-Hasangatin,R/Moscow 1994/CBM 45 ext (24)}) 13. Nh4 $1 b5 14. Nf5 Bd8 (14...
Bb4 15. Bb3 Kh8 16. Rad1 Bc8 17. Qf3 Ne8 18. axb5 {1/2-1/2 Zier,L-Schunk,T/
Germany 1997/GER-chT2 (18)}) 15. Ba2 g6 (15... Nc5 16. Rad1 Ne6 17. Be3 g6 18.
Nh6+ Kg7 19. Bxe6 fxe6 20. Ng4 Nxg4 21. Qxg4 Bc8 22. Qg3 Be7 23. Bd4 Bd6 24.
Bb6 Qxb6 25. Rxd6 $16 {1/2-1/2 Smirnov,P-Ivanov,T/Krasnoiarsk 1998/EXT 2000 
(42)}) 16. Nh6+ Kg7 17. Rad1 Ng8 18. Qg4 $1 Nc5 19. Nf5+ $1 Kh8 20. Nd6 $16 {
1-0 Akopian,V-Lima,D/Biel 1993/CBM 37/[Ernst] (34)}) 12. dxe5 dxe5 (12... Nxe5
13. Nd4 $5 $36) 13. Nh4 $1 {The pawn-exchange followed by the Nf3-h4-f5
maneuvre is a well-known idea helping White to develop his K-side initiative.}
g6 14. Rad1 a6 15. Qf3 $16 {[%cal Gf3f7,Gc4f7]} b5 16. Ba2 {/\17.Rd7} Kg7 (
16... b4 17. Ne2 c5 18. Rxd7 $1 $16) 17. Ne2 $1 {[%cal Ge2g3,Gg3f5,Gh4f5]} h6
$1 {an "invitation" to a tempting but dubious B-sacrifice} (17... Nc5 18. Ng3
Bc8 19. Nhf5+ Bxf5 (19... gxf5 20. Bxf6+ Bxf6 (20... Kxf6 21. exf5 $18 {
[%cal Gg3h5]} Kg7 22. f6+ $1) 21. Nh5+ Kg6 22. exf5+ Bxf5 23. g4 Qc8 24. gxf5+
Qxf5 25. Bxf7+ $18) 20. exf5 Nxa4 21. Bxf7 $1 (21. fxg6 fxg6 (21... hxg6 22.
Ne4 Nd5 23. Bxd5 cxd5 24. Bf6+ Bxf6 25. Nxf6 Re6 26. Nxd5 Qxc2 27. Nc7 Qxc7 28.
Qxa8 Nxb2 29. Rd8 $40) 22. Bxf6+ Bxf6 23. Qg4 Kh8 24. Rd7 $40) 21... Kxf7 22.
fxg6+ hxg6 23. Ne4 Nxb2 24. Bxf6 $18) 18. Bxh6+ $6 (18. Bc1 $1 c5 19. Ng3 c4
20. Nhf5+ gxf5 21. Nxf5+ Kh7 22. Nxh6 $40) 18... Kxh6 19. Bxf7 Nf8 $1 (19...
Rf8 20. Bxg6 $40 {/+/-}) 20. Qe3+ Kg7 21. Bxg6 $1 (21. Bxe8 Rxe8 $13) 21...
Nxg6 22. Qg5 Rg8 $1 23. Nxg6 (23. Qxg6+ Kf8 24. Qf5 Bc8 25. Ng6+ Ke8 26. Qxe5
Qxe5 27. Nxe5 Bxh3 28. Nf4 Bd7 $13) 23... Kh7 24. Qxe5 Qxe5 25. Nxe5 Rae8 26.
Nf4 c5 $2 (26... Bb4 $5 27. Nd7 Nxd7 28. Rxd7+ Rg7 29. Rxg7+ Kxg7 30. c3 Bd6
31. Nd3 bxa4 $13) 27. axb5 axb5 28. c4 $1 b4 $2 (28... bxc4 29. f3 Ba6 $132)
29. f3 Rg5 30. Ned3 Bd6 $2 31. h4 Rg3 32. e5 $18 Bxf3 33. exd6 Reg8 (33... Bxd1
34. Rxe8 Nxe8 35. d7 $18) 34. Re7+ Kh6 35. Rd2 Ne4 36. Rxe4 Bxe4 37. Nxc5 Bf5
38. d7 R3g4 39. Nfe6 1-0

[Event "FIDE-Wch k.o."]
[Site "Tripoli"]
[Date "2004.06.22"]
[Round "2.3"]
[White "Lastin, Alexander"]
[Black "Azmaiparashvili, Zurab"]
[Result "1/2-1/2"]
[WhiteElo "2622"]
[BlackElo "2679"]
[Annotator "Huzman,A"]
[PlyCount "136"]
[EventDate "2004.06.19"]
[EventType "k.o."]
[EventRounds "7"]
[EventCountry "LBY"]
[SourceTitle "CBM 102"]
[Source "ChessBase"]
[SourceDate "2004.09.23"]
[SourceVersion "1"]
[SourceVersionDate "2004.09.23"]
[SourceQuality "1"]

1. e4 d6 2. d4 Nf6 3. Nc3 e5 4. Nf3 Nbd7 5. g4 {White tries to seize the
initiative on the king's side by this strong move.} g6 {Black checks a new
plan of defence. He secures the square h5 for the Nf6 and creates counterplay
by the move f5 later.} ({White gets a strong attack in case if Black takes the
sacrificed pawn.} 5... Nxg4 6. Rg1 (6. Bc4 exd4 7. Bg5 Be7 8. Qxd4 Nge5 9.
Bxf7+ Nxf7 10. Bxe7 Qxe7 11. Nd5 Qd8 12. Qxg7 c6 $19 {0-1 Sanchez Dolado,
J-Galzagorri Uli,Y/Erandio 2003/CBM 97 ext (34)}) 6... Ngf6 (6... exd4 $5 7.
Nxd4 Nde5 (7... Nge5 8. Bg5 Be7 9. Bxe7 Qxe7 10. Nd5 $16) 8. h3 Nf6 9. f4 (9.
Be3 $44) 9... Nc6 10. Be3 Bd7 11. Qf3 g6 12. O-O-O Nxd4 13. Bxd4 Bc6 14. Bb5
Bg7 15. e5 Nd7 16. Bxc6 bxc6 17. e6 $18 {1-0 Pitl,G-Kunin,V/Bad Woerishofen
2004/CBM 99 ext (25)}) 7. Bc4 h6 8. Be3 c6 9. Qd3 Qc7 (9... b5 $5 10. Bb3 Qc7)
10. O-O-O b5 11. Bxb5 $1 cxb5 12. dxe5 dxe5 13. Nxb5 Qa5 14. Qc4 Rb8 15. a4 Qb4
16. Nxe5 Qxc4 17. Nxc4 $44 {1/2-1/2 Shirov,A-Azmaiparashvili,Z/Plovdiv BUL
2003/(52)}) (5... h6 6. g5 hxg5 7. Nxg5 Be7 8. Bc4 O-O 9. Rg1 $40 {1-0
Filipovic,B-Jurkovic,A/Zadar CRO 2003/(23)}) (5... exd4 6. Nxd4 Nc5 7. Qe2 (7.
f3 Nxg4 $5 8. fxg4 Qh4+ 9. Kd2 Qg5+ 10. Ke2 Bxg4+ 11. Nf3 $13) 7... Bxg4 8. f3
Bd7 9. Bg5 h6 10. Bh4 Be7 11. O-O-O O-O 12. Rg1 Kh8 13. Qg2 Ne8 14. Bg3 Bg5+
15. f4 Bh4 16. Bc4 Bxg3 17. Qxg3 $44 {0-1 Tidman,S-Hansen,R/Copenhagen DEN
2004/(56)}) 6. g5 (6. Bc4 exd4 7. Qxd4 Bg7 8. Bxf7+ Kxf7 9. Ng5+ Ke7 (9... Ke8
$5 10. Ne6 Ne5 $17) 10. Nd5+ Ke8 11. Ne6 Ne5 12. Nxg7+ (12. Ndxc7+ Ke7 13. Qxe5
dxe5 14. Nxd8 Bxg4 $17) 12... Kf7 13. Qc3 Nxd5 14. exd5 Kxg7 $19 {0-1 Roth,
P-Weiss,C/Hartberg AUT 2004/(17)}) 6... Nh5 7. Be3 Bg7 8. Qd2 O-O 9. O-O-O f5
$1 10. exf5 Rxf5 11. dxe5 (11. Be2 $5 Nf4 12. Bxf4 Rxf4 13. dxe5 dxe5 (13...
Qf8 14. Nd5 Rxf3 15. Nxc7 $18) 14. Qe3 $16 {[%cal Gc3d5]}) 11... Nxe5 12. Nxe5
Bxe5 13. Bc4+ Kh8 14. Kb1 Bd7 (14... Nf4 15. Nd5 Nxd5 16. Bxd5 c6 17. Be4 Rf7
18. Bd4 $36) 15. Rhe1 {/\16.Bd4} Bc6 (15... Nf4 16. Bd4 $1 Qxg5 $140 17. Ne4
Qe7 18. Ng3 $16) 16. Be6 Rf3 $1 17. Bg4 Rxe3 $1 {This is a strong positional
exchange sacrifice. Black receives full control over the black squares and his
knight appears in a good position.} 18. Qxe3 Nf4 {[%cal Yf4g2,Yg2e3,Yg2e1]} 19.
Bf3 Qxg5 $44 20. Nd5 Bxd5 $1 21. Bxd5 c6 22. Bh1 Qf6 23. Qb3 Qg7 24. Re3 a5 25.
a4 h5 $6 {[%csl Rg6]} 26. c3 Rf8 27. Qc2 Rf6 28. h3 Qf7 29. Be4 Kg7 30. Rg1 Kh6
31. Qd2 Kg7 32. Rf3 Qc4 33. Bc2 b5 $1 {Black starts attacking the Kb1.} 34.
axb5 cxb5 35. Re1 b4 36. cxb4 axb4 37. Bb3 Qc6 38. Rfe3 Qc8 39. Rc1 Qf5+ 40.
Bc2 Qe6 41. Bb3 Qf5+ 42. Ka2 Ne6 43. Rc8 Qf4 (43... Bf4 44. Bxe6 Bxe3 45. Rc7+
Kh8 46. Rc8+ $11) 44. Qc2 Nc5 45. Bd5 Qd4 46. Rc7+ Kh6 47. Bg8 b3+ $1 (47...
Rf8 48. Rh7+ Kg5 49. Bc4 {[%csl Rg5]} Kh4 $5 $13) 48. Bxb3 Na6 49. Rc4 Nb4+ 50.
Rxb4 Qxb4 $17 {Ka2 is less defended than Kh6. That's why chances of Black are
much higher, especially taking in consideration the factor of opposite
coloured bishops.} 51. Re4 Qa5+ 52. Kb1 Qb6 53. Re2 Rf8 (53... Rf4 $5 {[%cal
Yf4b4]}) 54. Re3 Qb7 55. Re1 Rb8 56. Re3 Qh1+ 57. Ka2 Ra8+ (57... Qf1 $1 {
[%cal Yf1a6]} 58. Rf3 (58. Re4 Qxh3 $19) 58... Qa6+ 59. Kb1 Ra8 60. Qd2+ g5 $17
{/-+}) 58. Ba4 Qb7 59. Ra3 $15 Qb6 60. Qd2+ Kg7 61. f4 Bf6 62. Qg2 (62. Bb3
$142 Rb8 63. Qd5 $15) 62... Ra5 (62... Qd4 63. Bb3 Rxa3+ 64. Kxa3 Qxf4 $17) 63.
Kb1 $2 (63. Be8 $11) 63... Qd4 (63... Qb4 $1 64. Qc2 Rc5 65. Qg2 Qe1+ 66. Ka2
Rc1 $40) 64. Be8 Qd1+ 65. Ka2 Qd5+ (65... Rxa3+ 66. Kxa3 (66. bxa3 Qa1+ 67. Kb3
Qc3+ 68. Ka2 Qc4+ 69. Kb1 Qb3+ 70. Kc1 Qxa3+ $19) 66... Qd3+ 67. Ka2 d5 $15)
66. Qxd5 Rxd5 67. Rg3 g5 68. fxg5 (68. Bxh5 Kh6 69. Be8 Rd2 $14) 68... Rxg5
1/2-1/2

[Event "FIDE-Wch k.o."]
[Site "Tripoli"]
[Date "2004.06.22"]
[Round "2.5"]
[White "Kudrin, Sergey"]
[Black "Hamdouchi, Hicham"]
[Result "0-1"]
[WhiteElo "2557"]
[BlackElo "2544"]
[Annotator "Huzman,A"]
[PlyCount "84"]
[EventDate "2004.06.19"]
[EventType "k.o."]
[EventRounds "7"]
[EventCountry "LBY"]
[SourceTitle "CBM 102"]
[Source "ChessBase"]
[SourceDate "2004.09.23"]
[SourceVersion "1"]
[SourceVersionDate "2004.09.23"]
[SourceQuality "1"]

1. e4 d6 2. d4 Nf6 3. Nc3 Nbd7 4. Nf3 e5 5. Bc4 Be7 6. O-O O-O 7. a4 c6 8. Qe2
a5 9. Rd1 Qb6 10. Ba2 (10. h3 exd4 11. Nxd4 Nc5 12. Nb3 Be6 (12... Nxb3 13.
Bxb3 Be6 14. Be3 Qc7 15. Bc4 {1/2-1/2 Slobodjan,R-Zvjaginsev,V/Pamplona 1996/
CBM 52 (15)}) 13. Be3 Bxc4 14. Qxc4 Qb4 15. Rd4 Qxc4 16. Rxc4 Nxb3 17. cxb3 Nd7
18. Rd1 Rfd8 19. f4 f5 $1 $15 {0-1 Braeuning,R-Maiwald,J/Bad Wildbad 1993/TD 
(38)}) (10. dxe5 Nxe5 11. Nxe5 dxe5 12. Be3 (12. h3 Bd7 13. Bb3 Rad8 14. Be3
Qc7 15. Rd2 Bc8 {0-1 Krstic,U-Pavasovic,D/Nova Gorica 1997/CBM 56 ext (50)})
12... Bc5 13. Bxc5 Qxc5 14. h3 Re8 15. Rd2 Be6 16. Bxe6 Rxe6 17. Rad1 Rae8 18.
g3 h5 19. Kg2 g6 20. Rd3 h4 21. Qe3 $11 {1/2-1/2 Kober,M-Golubovic,B/Opatija
1995/EXT 98 (52)}) 10... exd4 11. Nxd4 (11. Rxd4 Ne5 $15 {[%cal Yc8g4]}) 11...
Nc5 12. h3 $6 (12. f3 $5 Be6 (12... Ne6 13. Be3 $14 Qxb2 $140 14. Qd2 $16 {
[%csl Rb2]}) 13. Be3 Bxa2 14. Rxa2 $14 {[%cal Gd4f5]}) 12... Be6 13. Nxe6 $6 (
13. Bxe6 $142 fxe6 14. e5 Nd5 15. exd6 Bxd6 16. Ne4 Nxe4 17. Qxe4 Rae8 $132 {
[%cal Yb6f2,Yf8f2,Yd6c5,Yc5f2]}) 13... fxe6 14. Be3 d5 $15 {[%csl Ra2] The
chances of Black now are better as Ba2 is out of the game.} 15. exd5 (15. Bd4
Rae8 16. e5 Nfd7 $17) 15... exd5 16. Rab1 Rae8 17. Qd2 Kh8 (17... Qc7 18. Bf4
Bd6 19. Bxd6 Qxd6 $15) 18. Re1 Qb4 19. Qd4 Nce4 20. Nxe4 Nxe4 21. c3 (21. Qxb4
Bxb4 (21... axb4 $5) 22. c3 Bc5 $1 $15) 21... Qxd4 (21... Qd6 $1 {[%cal Ye7d8,
Yd8c7]} 22. Rbd1 (22. c4 Bf6 23. Qd3 d4 24. Bd2 Nc5 $17) 22... Bf6 23. Qd3 (23.
Qb6 Bd8 24. Qxb7 Bc7 $19) 23... Bd8 $36) 22. Bxd4 Bf6 (22... Bc5 $2 23. Rxe4
$18) 23. Bxf6 $2 (23. Bb6 Bd8 24. Bd4 $11) 23... gxf6 $1 $17 {[%csl Ra2,Ra4]
[%cal Ye4c5][%mdl 32]} 24. Rbd1 (24. Re3 Nc5 $17) (24. Bb3 $4 Nd2 $19) 24...
Nc5 $1 25. Rxe8 $4 {[%mdl 16384]} (25. b3 $15 {/-/+} f5 (25... Re5 $5 26. f4
Re4 27. Rxe4 Nxe4 28. Rd3) 26. Kf1 f4 27. Rxe8 (27. Rd4 Rxe1+ 28. Kxe1 f3 $17)
27... Rxe8 28. Rd4 Kg7 $17) 25... Rxe8 26. c4 (26. b3 Re2 27. Ra1 Ne4 $19)
26... dxc4 27. Bxc4 Nxa4 28. b3 (28. Rd2 Re1+ 29. Kh2 Nc5 $19) 28... Nb2 29.
Rd7 Nxc4 30. bxc4 Rb8 31. c5 a4 32. Rd3 Ra8 33. Ra3 Kg7 34. Kf1 $2 (34. f4 $142
Ra5 35. Kf2 Rxc5 36. Rxa4 b5 $19) 34... Kf7 35. Ke2 Ke6 36. Kd2 Kd5 37. Kc2
Kxc5 38. Rf3 b5 39. Rxf6 b4 40. Rf7 a3 41. Kb1 b3 42. Rb7 Kc4 0-1